Hunt: Showdown Monsters - Statistics

General Stats
  • This quiz has been taken 25 times
    6 since last reset
  • The average score is 15 of 16
Answer Stats
Picture Answer % Correct
Armored
100%
Assassin
100%
Butcher
100%
Grunt
100%
Hellhound
100%
Hive
100%
Immolator
100%
Meathead
100%
Rotjaw
100%
Scrapbeak
100%
Spider
100%
Waterdevil
100%
Hellborn
80%
Bileweaver
60%
Brute
60%
Ursa Mortis
60%
No matching quizzes found
Score Distribution
Percent of People with Each Score
Percentile by Number Answered
Your Score History
You have not taken this quiz since the last reset